All Arizona Cities on a Map - Statistics

General Stats
  • This quiz has been taken 19 times
  • The average score is 55 of 439
Answers on the Map
Answers color-coded by a green-red scale on the quiz's map according to % correct below.
 
Answer Stats
City Population % Correct
Flagstaff 77,539
93%
Mesa 517,151
93%
Phoenix 1,673,164
93%
Scottsdale 246,170
93%
Tucson 554,013
93%
Chandler 281,231
87%
Glendale 258,143
87%
Surprise 167,564
87%
Yuma 103,559
87%
Gilbert 288,790
80%
Maricopa 76,654
80%
Casa Grande 68,927
67%
Peoria 199,924
67%
Tempe 190,114
67%
Buckeye 114,334
60%
Goodyear 118,186
60%
Lake Havasu City 59,037
60%
Prescott 48,224
60%
Avondale 96,609
53%
Prescott Valley 51,440
53%
Apache Junction 44,309
47%
Kingman 35,383
47%
San Tan Valley 105,231
47%
Bullhead City 43,266
40%
Nogales 19,965
40%
Oro Valley 48,855
40%
Queen Creek 83,781
40%
San Luis 40,064
40%
Sedona 9,778
40%
Tombstone 1,382
40%
Casas Adobes 70,770
33%
Florence 24,891
33%
Marana 62,380
33%
Sun City 38,018
33%
Anthem 22,622
27%
Benson 5,499
27%
Cave Creek 5,177
27%
Douglas 15,819
27%
Jerome 457
27%
Page 7,230
27%
Payson 16,762
27%
Quartzsite 2,425
27%
Santa Cruz 101
27%
Sierra Vista 44,710
27%
Wickenburg 8,301
27%
Bisbee 4,957
20%
Camp Verde 12,608
20%
Coolidge 19,674
20%
Cottonwood 13,061
20%
El Mirage 36,468
20%
Eloy 19,199
20%
Fountain Hills 23,696
20%
Globe 7,176
20%
Golden Valley 7,999
20%
Holbrook 4,837
20%
Litchfield Park 6,863
20%
Paradise Valley 12,523
20%
Sahuarita 37,448
20%
San Carlos 4,769
20%
Show Low 12,366
20%
St. Johns 3,948
20%
Tolleson 9,353
20%
Willcox 3,217
20%
Winslow 8,577
20%
Arizona City 8,681
13%
Arlington 60
13%
Avra Valley 6,364
13%
Carefree 3,657
13%
Casa Blanca 1,382
13%
Catalina 6,908
13%
Chino Valley 13,911
13%
Clarkdale 4,951
13%
Colorado City 3,317
13%
Drexel Heights 27,636
13%
Fort Mohave 15,716
13%
Gila Bend 1,847
13%
Gila Crossing 965
13%
Grand Canyon Village 1,667
13%
Kayenta 5,651
13%
Miami 1,531
13%
Patagonia 796
13%
Pima 3,148
13%
Rincon Valley 5,851
13%
Rio Verde 2,271
13%
Sacaton 2,999
13%
Snowflake 6,736
13%
South Tucson 4,535
13%
Spring Valley 1,610
13%
Stanfield 338
13%
Summit 4,410
13%
Sun Lakes 14,079
13%
Taylor 4,386
13%
Teec Nos Pos 882
13%
Upper Santan Village 496
13%
Vail 15,722
13%
Washington Park 16
13%
Williams 3,482
13%
Young 269
13%
Youngtown 7,062
13%
Aguila 208
7%
Ajo 3,783
7%
Ak Chin 33
7%
Ak-Chin Village 1,133
7%
Alamo Lake 3
7%
Ali Chuk 123
7%
Ali Chukson 67
7%
Ali Molina 148
7%
Alpine 103
7%
Amado 41
7%
Anegam 90
7%
Antares 140
7%
Arivaca 494
7%
Arivaca Junction 650
7%
Arizona Village 675
7%
Ash Fork 578
7%
Avenue B and C 3,831
7%
Bagdad 2,757
7%
Beaver Dam 1,590
7%
Beaver Valley 105
7%
Bellemont 1,447
7%
Beyerville 61
7%
Bitter Springs 435
7%
Black Canyon City 2,297
7%
Blackwater 2,245
7%
Blue Ridge 1,037
7%
Bluewater 804
7%
Bouse 1,119
7%
Bowie 399
7%
Brenda 798
7%
Bryce 432
7%
Buckshot 12
7%
Burnside 445
7%
Bylas 1,750
7%
Cactus Flats 1,550
7%
Cactus Forest 509
7%
Cameron 766
7%
Campo Bonito 33
7%
Cane Beds 525
7%
Canyon Day 1,426
7%
Carrizo 283
7%
Catalina Foothills 51,756
7%
Cedar Creek 457
7%
Centennial Park 1,733
7%
Central 273
7%
Central Heights-Midland City 2,678
7%
Charco 8
7%
Chiawuli Tak 82
7%
Chilchinbito 881
7%
Chinle 4,395
7%
Chloride 157
7%
Christopher Creek 83
7%
Chuichu 215
7%
Cibecue 2,300
7%
Cibola 213
7%
Cienega Springs 1,640
7%
Circle City 857
7%
Citrus Park 5,136
7%
Clacks Canyon 182
7%
Claypool 1,134
7%
Clay Springs 205
7%
Clifton 3,815
7%
Congress 1,700
7%
Copper Hill 130
7%
Cordes Lakes 3,218
7%
Cornfields 373
7%
Cornville 3,356
7%
Corona de Tucson 9,039
7%
Crozier 19
7%
Crystal Beach 232
7%
Cutter 189
7%
Dateland 220
7%
Deer Creek 201
7%
Del Muerto 495
7%
Dennehotso 491
7%
Desert Hills 2,910
7%
Dewey-Humboldt 4,589
7%
Dilkon 1,267
7%
Dolan Springs 1,354
7%
Doney Park 5,947
7%
Donovan Estates 623
7%
Dragoon 227
7%
Dripping Springs 277
7%
Drysdale 66
7%
Dudleyville 458
7%
Duncan 671
7%
Eagar 4,438
7%
East Fork 492
7%
East Globe 296
7%
East Verde Estates 182
7%
Ehrenberg 946
7%
Elephant Head 572
7%
Elfrida 131
7%
Elgin 190
7%
El Prado Estates 390
7%
First Mesa 1,381
7%
Flowing Springs 50
7%
Flowing Wells 16,989
7%
Fort Apache 239
7%
Fort Defiance 3,614
7%
Fort Thomas 319
7%
Fortuna Foothills 28,227
7%
Fort Valley 1,803
7%
Franklin 100
7%
Fredonia 1,290
7%
Freedom Acres 144
7%
Gadsden 696
7%
Ganado 615
7%
Geronimo Estates 19
7%
Gisela 781
7%
Gold Canyon 12,488
7%
Golden Shores 1,319
7%
Goodyear Village 564
7%
Greasewood 313
7%
Greenehaven 339
7%
Green Valley 21,581
7%
Guadalupe 5,197
7%
Gu Oidak 201
7%
Hackberry 334
7%
Haigler Creek 29
7%
Haivana Nakya 94
7%
Hard Rock 111
7%
Hayden 513
7%
Heber-Overgaard 3,216
7%
Hondah 860
7%
Hotevilla-Bacavi 696
7%
Houck 809
7%
Huachuca City 1,604
7%
Hunter Creek 23
7%
Icehouse Canyon 473
7%
Indian Wells 325
7%
Jakes Corner 189
7%
Jeddito 246
7%
Joseph City 1,995
7%
Kachina Village 3,212
7%
Kaibab 113
7%
Kaibab Estates West 1,406
7%
Kaibito 1,679
7%
Katherine 191
7%
Keams Canyon 460
7%
Kearny 1,898
7%
Kino Springs 143
7%
Klagetoh 166
7%
Kleindale 63
7%
Kohls Ranch 74
7%
Komatke 824
7%
Ko Vaya 48
7%
Kykotsmovi Village 758
7%
Lake Montezuma 4,615
7%
Lake of the Woods 3,227
7%
La Paz Valley 550
7%
Lazy Y U 410
7%
LeChee 1,307
7%
Leupp 1,027
7%
Linden 2,299
7%
Littlefield 126
7%
Lower Santan Village 248
7%
Low Mountain 567
7%
Lukachukai 1,876
7%
Lupton 4
7%
Maish Vaya 48
7%
Mammoth 1,181
7%
Many Farms 705
7%
Maricopa Colony 723
7%
Martinez Lake 57
7%
Mayer 884
7%
McNary 946
7%
McNeal 228
7%
Mead Ranch 121
7%
Meadview 1,624
7%
Mesa del Caballo 1,188
7%
Mescal 1,601
7%
Mesquite Creek 484
7%
Miracle Valley 734
7%
Moccasin 29
7%
Moenkopi 1,028
7%
Mohave Valley 2,585
7%
Mojave Ranch Estates 39
7%
Morenci 1,514
7%
Mormon Lake 175
7%
Morristown 194
7%
Mountainaire 957
7%
Mountain View Ranches 1,924
7%
Munds Park 752
7%
Naco 1,176
7%
Nazlini 502
7%
Nelson 316
7%
New Kingman-Butler 14,281
7%
New River 18,365
7%
North Fork 1,454
7%
Nutrioso 478
7%
Oak Creek Canyon 321
7%
Oak Springs 28
7%
Oatman 98
7%
Oljato-Monument Valley 59
7%
Oracle 3,154
7%
Oxbow Estates 81
7%
Palominas 278
7%
Parker 3,456
7%
Parker Strip 767
7%
Parks 1,514
7%
Paulden 4,874
7%
Peach Springs 1,196
7%
Peeples Valley 707
7%
Peridot 1,141
7%
Picacho 320
7%
Picture Rocks 9,665
7%
Pinal 432
7%
Pine 1,899
7%
Pinedale 552
7%
Pine Lake 32
7%
Pinetop Country Club 1,915
7%
Pinetop-Lakeside 4,148
7%
Pinion Pines 154
7%
Pirtleville 1,869
7%
Pisinemo 357
7%
Poston 168
7%
Queen Valley 799
7%
Rainbow City 901
7%
Rancho Mesa Verde 470
7%
Red Lake 1,764
7%
Red Mesa 470
7%
Red Rock 3,319
7%
Rio Rico 21,798
7%
Rock House 8
7%
Rock Point 405
7%
Roosevelt Estates 654
7%
Rough Rock 452
7%
Round Rock 543
7%
Round Valley 503
7%
Rye 22
7%
Sacate Village 279
7%
Sacaton Flats Village 450
7%
Saddlebrooke 12,616
7%
Safford 10,257
7%
Salome 731
7%
Sanders 738
7%
San Jose 560
7%
San Manuel 3,269
7%
San Miguel 301
7%
San Simon 253
7%
Santa Rosa 690
7%
Sawmill 666
7%
Scenic 1,931
7%
Seba Dalkai 133
7%
Second Mesa 1,206
7%
Sehili 190
7%
Seligman 731
7%
Sells 2,200
7%
Seven Mile 765
7%
Shongopovi 1,131
7%
Shonto 347
7%
Shumway 178
7%
Sierra Vista Southeast 14,213
7%
Six Shooter Canyon 966
7%
So-Hi 513
7%
Solomon 478
7%
Somerton 14,902
7%
Sonoita 721
7%
South Komelik 213
7%
Springerville 1,723
7%
Star Valley 2,547
7%
St. David 1,112
7%
Steamboat 364
7%
St. Michaels 888
7%
Stotonic Village 583
7%
Strawberry 881
7%
Summerhaven 22
7%
Sun City West 27,003
7%
Sunizona 211
7%
Sunsites 660
7%
Sun Valley 77
7%
Sunwest 46
7%
Superior 2,682
7%
Sweet Water Village 118
7%
Swift Trail Junction 2,889
7%
Tacna 457
7%
Tanque Verde 15,531
7%
Tees Toh 440
7%
Thatcher 5,627
7%
Theba 115
7%
Three Points 5,033
7%
Timberline-Fernwood 2,326
7%
Tolani Lake 430
7%
Tonalea 275
7%
Tonopah 14
7%
Tonto Basin 1,593
7%
Tonto Village 100
7%
Topawa 358
7%
Top-of-the-World 125
7%
Truxton 105
7%
Tsaile 1,667
7%
Tubac 1,247
7%
Tuba City 8,265
7%
Tucson Estates 12,687
7%
Tucson Mountains 11,428
7%
Tumacacori-Carmen 162
7%
Turkey Creek 474
7%
Tusayan 587
7%
Vaiva Vo 155
7%
Valencia West 13,834
7%
Valentine 43
7%
Valle 403
7%
Valle Vista 2,376
7%
Ventana 74
7%
Verde Village 12,662
7%
Vernon 230
7%
Vicksburg 628
7%
Village of Oak Creek 6,340
7%
Wagon Wheel 1,767
7%
Wahak Hotrontk 82
7%
Wall Lane 384
7%
Walnut Creek 581
7%
Wellton 2,648
7%
Wellton Hills 249
7%
Wenden 412
7%
Wet Camp Village 179
7%
Wheatfields 409
7%
Whetstone 2,840
7%
Whispering Pines 141
7%
Whitecone 942
7%
White Hills 332
7%
White Mountain Lake 2,678
7%
Whiteriver 4,308
7%
Why 87
7%
Wide Ruins 28
7%
Wikieup 74
7%
Wilhoit 1,027
7%
Williamson 6,112
7%
Willow Valley 817
7%
Window Rock 2,384
7%
Winkelman 295
7%
Winslow West 330
7%
Wintersburg 110
7%
Wittmann 606
7%
Yarnell 586
7%
York 436
7%
Yucca 48
7%
Yuma Proving Ground 288
7%
Pinon 1,183
0%
No matching quizzes found
Score Distribution
Percent of People with Each Score
Percentile by Number Answered
Your Score History
You have not taken this quiz